000 00748nam a2200289Ia 4500
005 20260324123933.0
008 008 260324s9999 xx 000 0 eng d
020 _a9781351192231
037 _aEBOOK
040 _aCRL
040 _beng
040 _cCRL
041 _2eng
041 _aeng
084 _qCRL
100 _aRachel C. Barrowman
_91172226
245 4 _aThe Chapel and Burial Ground on St Ninian's Isle, Shetland: Excavations Past and Present: v. 32
245 0 _bExcavations Past and Present
260 _bTaylor and Francis
260 _c2011
365 _a
365 _b295
856 _uhttp://www.taylorfrancis.com/books/9781351192231
942 _cEBOOK
999 _c1766170
_d1766170